Biggest cities in Catalonia - Statistics

General Stats
  • This quiz has been taken 42 times
  • The average score is 9 of 15
Answer Stats
Cities % Correct
Barcelona
97%
Girona
89%
Badalona
81%
L hospitalet de llobregat
75%
Lleida
75%
Sabadell
72%
Terrassa
72%
Reus
69%
Mataro
64%
Cornella de llobregat
47%
Sant cugat del valles
44%
Rubi
33%
Sant boi de llobregat
33%
Taragona
17%
Santa colomba de gramenet
0%
No matching quizzes found
Score Distribution
Percent of People with Each Score
Percentile by Number Answered
Your Score History
You have not taken this quiz